NCR planning Board : First 5 years 1985-1990 (Record no. 409377)

000 -LEADER
fixed length control field 00463cam a22001097a 4500
008 - FIXED-LENGTH DATA ELEMENTS--GENERAL INFORMATION
fixed length control field 180718b1990 xxu||||| |||| 00| 0 eng d
082 ## - DEWEY DECIMAL CLASSIFICATION NUMBER
Classification number J4x54 N213 1985-90
245 ## - TITLE STATEMENT
Title NCR planning Board : First 5 years 1985-1990
Statement of responsibility, etc. By National capital region planning board
260 ## - PUBLICATION, DISTRIBUTION, ETC.
Place of publication, distribution, etc. India
Name of publisher, distributor, etc. National capital region planning board
Date of publication, distribution, etc. 1990
300 ## - PHYSICAL DESCRIPTION
Extent 20p
650 ## - SUBJECT ADDED ENTRY--TOPICAL TERM
Topical term or geographic name entry element Regional planning - India - Delhi (Union Territory) Regional planning - India - Delhi (Union Territory) - Maps
Holdings
Withdrawn status Lost status Damaged status Not for loan Permanent Location Current Location Date acquired Full call number Barcode Date last seen Price effective from Koha item type
        Indian Institute of Public Administration Indian Institute of Public Administration 2009-01-05 J4x54 N213 1985-90 D2280 2018-07-21 2018-07-21 D

Powered by Koha